Normal view MARC view
  • Civil Justice Council

Entry Corporate Name

Number of records used in: 2

001 - CONTROL NUMBER

  • control field: 4749

003 - CONTROL NUMBER IDENTIFIER

  • control field: SIRSI

005 - DATE AND TIME OF LATEST TRANSACTION

  • control field: 20190806150236.0

008 - FIXED-LENGTH DATA ELEMENTS

  • fixed length control field: 050704n| aaannaabn |n ana d

040 ## - CATALOGING SOURCE

  • Original cataloging agency: OSt
  • Transcribing agency: OSt

110 ## - HEADING--CORPORATE NAME

  • Corporate name or jurisdiction name as entry element: Civil Justice Council

670 ## - SOURCE DATA FOUND

  • Source citation: Protocol for the instruction of experts to give evidence in civil claims, 2005